| 000 | 00500ngm a22002057a 4500 | ||
|---|---|---|---|
| 005 | 20170227103254.0 | ||
| 008 | 150507b xxu||||| |||| 00| 0 spa d | ||
| 041 | _aspa | ||
| 082 | _a58 DVD | ||
| 110 |
_aEUNED _935287 |
||
| 245 | _aLa carreta costarricense | ||
| 260 | _aCosta Rica | ||
| 260 | _bEUNED | ||
| 300 | _a22 minutos | ||
| 650 |
_aSÍMBOLOS NACIONALES _93079 |
||
| 650 |
_aTRADICIONES _94421 |
||
| 650 |
_aCARRETA COSTARRICENSE _928710 |
||
| 650 |
_aCOSTUMBRES _94420 |
||
| 942 | _cDVD | ||
| 999 |
_c8904 _d8904 |
||